[Event "28. Erfurter Schachfestival 2018 - Meisterturnier"]
[Site "Erfurt"]
[Date "2018.12.26"]
[Round "1"]
[Board "1"]
[White "Bergner, Philipp"]
[Black "Nagy, Gabor"]
[Result "0-1"]
[WhiteElo "2077"]
[BlackElo "2472"]
[PlyCount "100"]
[EventDate "2018.12.26"]
[EventRounds "8"]
[EventCountry "GER"]

1. d4 Nf6 2. c4 g6 3. Nc3 Bg7 4. e4 d6 5. Nf3 O-O 6. Be2 Nbd7 7. O-O e5 8. Qc2
c6 9. h3 a6 10. a4 a5 11. Rd1 exd4 12. Nxd4 Qe7 13. Bf4 Re8 14. f3 Nh5 15. Be3
Nc5 16. Nb3 Nxb3 17. Qxb3 Be5 18. Bf1 Qh4 19. Ne2 f5 20. Bf2 Qg5 21. exf5 gxf5
22. Kh1 Qg7 23. g3 Bxg3 24. Nxg3 Nxg3+ 25. Bxg3 Qxg3 26. Rd2 Qf4 27. Qc3 Qe5
28. Re1 Qxc3 29. Rxe8+ Kf7 30. bxc3 Kxe8 31. Rxd6 c5 32. Rd5 Bd7 33. Re5+ Kd8
34. Rxc5 Bxa4 35. Bd3 Bc6 36. Rxf5 a4 37. Bb1 Kc7 38. c5 Rd8 39. Rf7+ Kb8 40.
Bc2 a3 41. Bb3 Rd3 42. Kg2 Rxc3 43. Be6 h5 44. Kg3 Rxc5 45. f4 Bd5 46. Bxd5
Rxd5 47. Re7 b5 48. Re3 b4 49. Rb3 Rb5 50. f5 a2  0-1

[Event "28. Erfurter Schachfestival 2018 - Meisterturnier"]
[Site "Erfurt"]
[Date "2018.12.26"]
[Round "1"]
[Board "2"]
[White "Abel, Dennes"]
[Black "King, Alexander"]
[Result "1-0"]
[WhiteElo "2465"]
[BlackElo "2075"]
[PlyCount "65"]
[EventDate "2018.12.26"]
[EventRounds "8"]
[EventCountry "GER"]

1. d4 Nf6 2. c4 g6 3. Nc3 Bg7 4. e4 d6 5. Be2 O-O 6. Be3 c5 7. e5 Ne8 8. dxc5
Bxe5 9. Nf3 Bg7 10. Qd2 Nc6 11. Rd1 Qa5 12. Nd5 Qxd2+ 13. Rxd2 Bf5 14. O-O Be4
15. Ng5 Bxd5 16. cxd5 Ne5 17. b4 Nf6 18. h3 h6 19. Nf3 Ne4 20. Rc2 Rfc8 21.
Nxe5 Bxe5 22. Rfc1 f5 23. f4 Bf6 24. c6 b6 25. Ba6 Rc7 26. Bd3 e6 27. Bxe4 fxe4
28. Rd1 Kf7 29. b5 Rg8 30. a4 exd5 31. Rxd5 Ke6 32. Rcd2 Rd8 33. Rd1  1-0

[Event "28. Erfurter Schachfestival 2018 - Meisterturnier"]
[Site "Erfurt"]
[Date "2018.12.26"]
[Round "1"]
[Board "3"]
[White "Philipp, Mathias"]
[Black "Lubbe, Nikolas"]
[Result "1/2-1/2"]
[WhiteElo "2071"]
[BlackElo "2449"]
[PlyCount "73"]
[EventDate "2018.12.26"]
[EventRounds "8"]
[EventCountry "GER"]

1. e4 c5 2. b3 Nc6 3. Bb2 d6 4. Bb5 Bd7 5. f4 a6 6. Bxc6 Bxc6 7. Nc3 Nf6 8. Qe2
e6 9. Nf3 b5 10. e5 Nh5 11. Qe3 d5 12. d4 g6 13. Ne2 Qa5+ 14. c3 b4 15. a3 bxa3
16. Bxa3 c4 17. Qc1 Bxa3 18. Rxa3 Qd8 19. b4 a5 20. bxa5 Rxa5 21. Qa1 Rb5 22.
Kf2 O-O 23. g4 Ng7 24. Rb1 f5 25. Rxb5 Bxb5 26. g5 Bc6 27. Ne1 Ne8 28. Nc2 Nc7
29. Nb4 Bd7 30. h4 Nb5 31. Ra6 Nc7 32. Ra2 Bb5 33. Ra7 Qb8 34. Qa5 Rc8 35. Ke3
Be8 36. Qa1 Qb6 37. Qa5  1/2-1/2

[Event "28. Erfurter Schachfestival 2018 - Meisterturnier"]
[Site "Erfurt"]
[Date "2018.12.26"]
[Round "1"]
[Board "4"]
[White "Carlstedt, Jonathan"]
[Black "Ronge, Tim Hendrick"]
[Result "1-0"]
[WhiteElo "2412"]
[BlackElo "2069"]
[PlyCount "71"]
[EventDate "2018.12.26"]
[EventRounds "8"]
[EventCountry "GER"]

1. d4 Nf6 2. Bg5 Ne4 3. h4 c5 4. d5 Qb6 5. Nd2 Nxd2 6. Bxd2 e5 7. e4 d6 8. Bc3
Be7 9. Nf3 Bg4 10. Be2 Bxf3 11. Bxf3 Nd7 12. Qe2 Qc7 13. Bg4 a6 14. h5 b5 15.
a3 Rb8 16. b3 O-O 17. Bf5 b4 18. Bb2 c4 19. axb4 cxb3 20. c3 Nb6 21. O-O Ra8
22. Ra3 a5 23. Rxb3 Qc4 24. Qxc4 Nxc4 25. Bc1 Rfb8 26. Bg4 axb4 27. Be2 Na3 28.
Bd3 Nb5 29. Bxb5 Rxb5 30. Be3 h6 31. Rxb4 Rba5 32. Rfb1 f5 33. Rb7 Bf6 34. Rd7
Ra1 35. Rxa1 Rxa1+ 36. Kh2  1-0

[Event "28. Erfurter Schachfestival 2018 - Meisterturnier"]
[Site "Erfurt"]
[Date "2018.12.26"]
[Round "1"]
[Board "5"]
[White "Scheitz, Michael"]
[Black "Lagunow, Alexander"]
[Result "0-1"]
[WhiteElo "2062"]
[BlackElo "2392"]
[PlyCount "82"]
[EventDate "2018.12.26"]
[EventRounds "8"]
[EventCountry "GER"]

1. c4 e6 2. Nc3 d5 3. e3 c5 4. cxd5 exd5 5. d4 Nf6 6. Nf3 Nc6 7. Bb5 Bd6 8.
dxc5 Bxc5 9. Bxc6+ bxc6 10. O-O O-O 11. b3 Bg4 12. Bb2 Re8 13. Rc1 Bd6 14. Ne2
Bxf3 15. gxf3 Rc8 16. Ng3 Nd7 17. f4 Bf8 18. Kh1 Qh4 19. Qh5 Qxh5 20. Nxh5 f6
21. Rc2 Kf7 22. Rfc1 c5 23. Ng3 a5 24. Ne2 a4 25. b4 Rb8 26. bxc5 Nxc5 27. Rd1
Ne4 28. Ng3 Rec8 29. Rxc8 Rxc8 30. Nxe4 dxe4 31. Rd2 a3 32. Bd4 Bb4 33. Re2
Rc1+ 34. Kg2 Ke6 35. f3 Kd5 36. f5 Be1 37. Ba7 Bc3 38. Bd4 Be1 39. f4 Kc4 40.
Kh3 Bc3 41. Ba7 Rb1  0-1

[Event "28. Erfurter Schachfestival 2018 - Meisterturnier"]
[Site "Erfurt"]
[Date "2018.12.26"]
[Round "1"]
[Board "6"]
[White "Moehn, Hans"]
[Black "Smekens, Ruben"]
[Result "1/2-1/2"]
[WhiteElo "2364"]
[BlackElo "2059"]
[PlyCount "156"]
[EventDate "2018.12.26"]
[EventRounds "8"]
[EventCountry "GER"]

1. Nf3 d5 2. g3 Nf6 3. Bg2 Bf5 4. O-O e6 5. c4 c6 6. cxd5 exd5 7. d3 Bc5 8. Qb3
Qe7 9. Bg5 O-O 10. e4 dxe4 11. dxe4 Bxe4 12. Re1 Bd5 13. Rxe7 Bxb3 14. Rxb7 Be6
15. Bxf6 gxf6 16. Nbd2 Bb6 17. Ne4 Kg7 18. Nd6 Na6 19. Nh4 Nc5 20. Re7 Bd8 21.
Re8 Rxe8 22. Nxe8+ Kf8 23. Nd6 Bb6 24. b4 Nd3 25. b5 Rd8 26. Nb7 Bxf2+ 27. Kf1
Rb8 28. bxc6 Bd4 29. Rb1 Bc4 30. Bf3 Nf4+ 31. Ke1 Bc3+ 32. Kd1 Bxa2 33. c7 Rc8
34. Nd6 Bxb1 35. Nxc8 Ne6 36. Nxa7 Nxc7 37. Nc6 f5 38. Ke2 Ne6 39. Ng2 Ng5 40.
Bd5 Be4 41. Bxe4 fxe4 42. Ke3 Ke8 43. h4 Kd7 44. Nb8+ Kc8 45. Nc6 Kd7 46. Nd4
Bxd4+ 47. Kxd4 Ne6+ 48. Kxe4 Ke7 49. Ne3 f6 50. Nd5+ Kf7 51. Kf5 Ng7+ 52. Kg4
Ke6 53. Nf4+ Kf7 54. Ne2 Kg6 55. Nd4 f5+ 56. Kf3 Kf6 57. Ke3 Nh5 58. Ne2 Ke5
59. Kf3 Kf6 60. Ng1 Ng7 61. Nh3 h6 62. Nf4 Ke5 63. Ke3 Kf6 64. Kd4 Ne6+ 65. Kd5
Nc7+ 66. Kc6 Ne6 67. Kd6 Nd4 68. Nd5+ Kg6 69. Ke5 Nc6+ 70. Kf4 Nd4 71. Ke5 Nf3+
72. Kf4 Nd4 73. Ke3 Ne6 74. Kf2 Kh5 75. Kf3 Kg6 76. Ne7+ Kf6 77. Nc6 Kg6 78.
Ne5+ Kf6  1/2-1/2

[Event "28. Erfurter Schachfestival 2018 - Meisterturnier"]
[Site "Erfurt"]
[Date "2018.12.26"]
[Round "1"]
[Board "7"]
[White "Maiwald, Harald"]
[Black "Muckle, Julius"]
[Result "0-1"]
[WhiteElo "2054"]
[BlackElo "2349"]
[PlyCount "77"]
[EventDate "2018.12.26"]
[EventRounds "8"]
[EventCountry "GER"]

1. Nf3 d5 2. g3 Nf6 3. Bg2 Bf5 4. O-O e6 5. d3 Be7 6. Nbd2 O-O 7. Qe1 Nbd7 8.
e4 Bg6 9. b3 dxe4 10. Nxe4 Nxe4 11. dxe4 Nc5 12. Ne5 Bh5 13. Be3 Nd7 14. Nxd7
Qxd7 15. Qa5 c5 16. Bxc5 b6 17. Bxb6 Be2 18. Be3 Bxf1 19. Bxf1 Bd8 20. Qh5 Bb6
21. Bxb6 axb6 22. a4 Qd4 23. Rd1 Qc3 24. Bd3 Ra5 25. Qe2 Rd8 26. f4 g6 27. e5
Rad5 28. Kf2 Rd4 29. Kf3 h5 30. h4 R8d5 31. Kf2 Qc6 32. Kg1 Rc5 33. Qg2 Qc7 34.
Qa8+ Kg7 35. Qf3 Rc3 36. Qe2 Qc6 37. Qg2 Rd5 38. Qf3 Rdxd3 39. Rxd3  0-1

[Event "28. Erfurter Schachfestival 2018 - Meisterturnier"]
[Site "Erfurt"]
[Date "2018.12.26"]
[Round "1"]
[Board "8"]
[White "Lubbe, Melanie"]
[Black "Mucha, Annegret"]
[Result "1-0"]
[WhiteElo "2345"]
[BlackElo "2049"]
[PlyCount "66"]
[EventDate "2018.12.26"]
[EventRounds "8"]
[EventCountry "GER"]

1. e4 c5 2. Nf3 d6 3. d4 cxd4 4. Nxd4 Nf6 5. Nc3 a6 6. Be3 e6 7. Be2 Be7 8. O-O
O-O 9. f4 Qc7 10. Kh1 Nc6 11. Nb3 b5 12. a3 Bb7 13. Bd3 Rfd8 14. Qe1 d5 15. e5
Nd7 16. Nd4 Nxd4 17. Bxd4 Bc5 18. Ne2 Qb6 19. c3 a5 20. b4 Bxd4 21. Nxd4 axb4
22. axb4 Ba6 23. Qh4 g6 24. Rf3 Rdc8 25. Be2 Qd8 26. Qe1 Nb6 27. Bxb5 Bxb5 28.
Nxb5 Rxa1 29. Qxa1 Ra8 30. Qe1 Nc4 31. h3 Qb6 32. Nd4 Ra2 33. Rd3 Qa6  1-0

[Event "28. Erfurter Schachfestival 2018 - Meisterturnier"]
[Site "Erfurt"]
[Date "2018.12.26"]
[Round "1"]
[Board "9"]
[White "Mueller, Martin"]
[Black "Osmanodja, Filiz"]
[Result "0-1"]
[WhiteElo "2049"]
[BlackElo "2318"]
[PlyCount "76"]
[EventDate "2018.12.26"]
[EventRounds "8"]
[EventCountry "GER"]

1. e4 c5 2. Nf3 d6 3. d4 cxd4 4. Qxd4 a6 5. c4 Nc6 6. Qe3 Nf6 7. h3 g6 8. Nc3
Nb4 9. Bd3 Nxd3+ 10. Qxd3 Bg7 11. O-O O-O 12. Be3 Bd7 13. Rab1 b5 14. Rfe1 bxc4
15. Qxc4 Qa5 16. b4 Qh5 17. Nd5 Bb5 18. Nxe7+ Kh8 19. Qb3 Rae8 20. Nd5 Nxe4 21.
Nc7 Rc8 22. Nxb5 Qxb5 23. Bd4 Nc3 24. Bxg7+ Kxg7 25. Rb2 d5 26. Rc2 Qc4 27.
Qxc4 Rxc4 28. Re7 Rfc8 29. Ne5 Re4 30. Kh2 Kf6 31. Rxf7+ Kxe5 32. Rxh7 Rxb4 33.
Re7+ Kf6 34. Rd7 d4 35. a3 Ra4 36. h4 Ke6 37. Rg7 d3 38. Rd2 Rxh4+  0-1

[Event "28. Erfurter Schachfestival 2018 - Meisterturnier"]
[Site "Erfurt"]
[Date "2018.12.26"]
[Round "1"]
[Board "10"]
[White "Derichs, Roger"]
[Black "Poetsch, Leonore"]
[Result "1-0"]
[WhiteElo "2295"]
[BlackElo "2047"]
[PlyCount "103"]
[EventDate "2018.12.26"]
[EventRounds "8"]
[EventCountry "GER"]

1. Nf3 d5 2. c4 c6 3. g3 Nf6 4. Bg2 Bf5 5. cxd5 cxd5 6. Qb3 Qc8 7. O-O e6 8. d3
Bd6 9. Nc3 a6 10. Bf4 Bxf4 11. gxf4 O-O 12. Rac1 Nc6 13. Na4 Qc7 14. Ne5 Ng4
15. Qb6 Rfc8 16. Qxc7 Rxc7 17. Nxc6 Rxc6 18. Rxc6 bxc6 19. Rc1 Rc8 20. e4 dxe4
21. dxe4 Bg6 22. e5 f6 23. h3 Nh6 24. Rxc6 Rxc6 25. Bxc6 Nf7 26. exf6 gxf6 27.
Nc5 a5 28. Nb7 Kf8 29. Nxa5 Ke7 30. f3 e5 31. fxe5 fxe5 32. Nb7 Ng5 33. h4 Ne6
34. a4 Nd4 35. Bd5 Kd7 36. b4 Kc7 37. Nc5 Nc2 38. Na6+ Kb6 39. Bc4 Nd4 40. Kf2
Bh5 41. Nc5 Bxf3 42. Nd7+ Ka7 43. Nxe5 Bd1 44. a5 Ba4 45. Bd3 h6 46. Ke3 Ne6
47. Bc4 Ng7 48. Bd3 Ne6 49. Nf7 h5 50. Nd6 Nc7 51. Bc4 Kb8 52. Ke4  1-0

[Event "28. Erfurter Schachfestival 2018 - Meisterturnier"]
[Site "Erfurt"]
[Date "2018.12.26"]
[Round "1"]
[Board "11"]
[White "Leck, Jakob"]
[Black "Pallas, Sebastian"]
[Result "0-1"]
[WhiteElo "2046"]
[BlackElo "2292"]
[PlyCount "126"]
[EventDate "2018.12.26"]
[EventRounds "8"]
[EventCountry "GER"]

1. e4 c5 2. Nc3 d6 3. f4 Nc6 4. Nf3 g6 5. Bc4 Bg7 6. O-O e6 7. d3 Nge7 8. Qe1
O-O 9. f5 gxf5 10. Qg3 Ng6 11. exf5 exf5 12. Bg5 Bf6 13. Bxf6 Qxf6 14. Nd5 Qd8
15. Rae1 Be6 16. Rxe6 fxe6 17. Nf4 Qf6 18. Nxe6 Kh8 19. Nxf8 Rxf8 20. c3 Nce5
21. Nxe5 dxe5 22. Qf3 b6 23. g3 Qd6 24. Kg2 Qd7 25. Qd5 Qxd5+ 26. Bxd5 Kg7 27.
a4 Kf6 28. Kf3 Rd8 29. Bc4 e4+ 30. Ke2 Ne5 31. Bb5 exd3+ 32. Kd2 Ra8 33. Rf4 a6
34. Bc4 b5 35. axb5 axb5 36. Bxb5 Rb8 37. Bxd3 Rd8 38. Rxf5+ Ke6 39. Rxe5+ Kxe5
40. Ke3 h6 41. b4 Rc8 42. bxc5 Rxc5 43. c4 Ra5 44. g4 Ra1 45. h4 Rh1 46. h5
Rh3+ 47. Kd2 Kd4 48. Bf5 Rh2+ 49. Kc1 Kxc4 50. Kd1 Kd4 51. Bd7 Kc3 52. Bf5 Rg2
53. Be6 Rd2+ 54. Kc1 Kd3 55. Bd7 Kc3 56. Bf5 Rd8 57. Kb1 Rd1+ 58. Ka2 Rf1 59.
Bg6 Rf4 60. Bf5 Rb4 61. Bc8 Kd3 62. g5 hxg5 63. h6 Rh4  0-1

[Event "28. Erfurter Schachfestival 2018 - Meisterturnier"]
[Site "Erfurt"]
[Date "2018.12.26"]
[Round "1"]
[Board "12"]
[White "Woelk, Tom-Frederic"]
[Black "Sack, Matthias"]
[Result "1/2-1/2"]
[WhiteElo "2283"]
[BlackElo "2045"]
[PlyCount "40"]
[EventDate "2018.12.26"]
[EventRounds "8"]
[EventCountry "GER"]

1. e4 c5 2. Nf3 Nc6 3. d4 cxd4 4. Nxd4 g6 5. c4 Nxd4 6. Qxd4 Nf6 7. e5 Ng8 8.
Nc3 Bg7 9. Bf4 Nh6 10. Be2 Nf5 11. Qd2 h5 12. O-O-O Qa5 13. Bf3 O-O 14. Qe2 d6
15. Rd5 Qa6 16. Rhd1 dxe5 17. Bxe5 Bxe5 18. Rxe5 Be6 19. Rb5 Nd6 20. Rg5 Qxc4
 1/2-1/2

[Event "28. Erfurter Schachfestival 2018 - Meisterturnier"]
[Site "Erfurt"]
[Date "2018.12.26"]
[Round "1"]
[Board "13"]
[White "Arnhold, Steffi"]
[Black "Steinacker, Alex"]
[Result "0-1"]
[WhiteElo "2040"]
[BlackElo "2278"]
[PlyCount "44"]
[EventDate "2018.12.26"]
[EventRounds "8"]
[EventCountry "GER"]

1. e4 g6 2. d4 Bg7 3. f4 c5 4. c3 cxd4 5. cxd4 Qb6 6. Nf3 Nc6 7. e5 Nh6 8. Nc3
O-O 9. d5 Nb4 10. a3 Na6 11. Bd3 d6 12. Qe2 Nc5 13. Bc4 Bg4 14. b4 Nd7 15. Be3
Qd8 16. Qd2 Bxf3 17. gxf3 dxe5 18. Rc1 Nf5 19. Ne4 Rc8 20. h4 Nxe3 21. Qxe3
exf4 22. Qxf4 Ne5  0-1

[Event "28. Erfurter Schachfestival 2018 - Meisterturnier"]
[Site "Erfurt"]
[Date "2018.12.26"]
[Round "1"]
[Board "14"]
[White "Wichmann, Cliff"]
[Black "Petri, Wolfgang"]
[Result "1-0"]
[WhiteElo "2266"]
[BlackElo "2039"]
[PlyCount "59"]
[EventDate "2018.12.26"]
[EventRounds "8"]
[EventCountry "GER"]

1. d4 d5 2. c4 e6 3. Nf3 Nf6 4. Nc3 Be7 5. Bf4 c6 6. e3 O-O 7. h3 Nbd7 8. Qc2
Ne4 9. Nxe4 dxe4 10. Qxe4 Bb4+ 11. Nd2 e5 12. Bxe5 Nxe5 13. Qxe5 Re8 14. Qf4 g5
15. Qg3 Bf5 16. O-O-O Bg6 17. a3 Bd6 18. Qf3 Qa5 19. Nb1 Qa4 20. Bd3 Bxd3 21.
Rxd3 Qxc4+ 22. Rc3 Qe6 23. Nd2 c5 24. dxc5 Be5 25. Rc2 b6 26. Nc4 Rac8 27. Nxe5
Qxe5 28. c6 Re6 29. Rd1 Rf6 30. Qd5  1-0

[Event "28. Erfurter Schachfestival 2018 - Meisterturnier"]
[Site "Erfurt"]
[Date "2018.12.26"]
[Round "1"]
[Board "15"]
[White "Heck, Nils"]
[Black "Schiffer, Stefan"]
[Result "1/2-1/2"]
[WhiteElo "2038"]
[BlackElo "2264"]
[PlyCount "52"]
[EventDate "2018.12.26"]
[EventRounds "8"]
[EventCountry "GER"]

1. d4 Nf6 2. c4 e6 3. Nf3 d5 4. g3 c6 5. Bg2 dxc4 6. Ne5 b5 7. Nxc6 Qb6 8. Na5
Nd5 9. Bd2 Bd7 10. O-O Nc6 11. Nxc6 Bxc6 12. e4 Nf6 13. d5 Bd7 14. Nc3 Rd8 15.
a4 b4 16. Nb5 Bc5 17. Bf4 Bxb5 18. axb5 O-O 19. Bg5 Be7 20. Qe2 Nxd5 21. exd5
Bxg5 22. Qxc4 exd5 23. Qxb4 Rb8 24. Rfd1 Qxb5 25. Qxb5 Rxb5 26. Rxa7 Rxb2
 1/2-1/2

[Event "28. Erfurter Schachfestival 2018 - Meisterturnier"]
[Site "Erfurt"]
[Date "2018.12.26"]
[Round "1"]
[Board "16"]
[White "Biebinger, Gerhard"]
[Black "Carnot, Luca"]
[Result "1-0"]
[WhiteElo "2263"]
[BlackElo "2037"]
[PlyCount "84"]
[EventDate "2018.12.26"]
[EventRounds "8"]
[EventCountry "GER"]

1. c4 Nf6 2. Nc3 c5 3. g3 Nc6 4. Bg2 e6 5. Nf3 Be7 6. d4 d5 7. O-O O-O 8. cxd5
exd5 9. Be3 c4 10. Ne5 Bf5 11. h3 Re8 12. g4 Be6 13. f4 Qb6 14. Qd2 Rad8 15.
Kh1 Bb4 16. Nxc6 Qxc6 17. f5 Bc8 18. Bg5 Ba5 19. Rf2 b5 20. a3 Bb7 21. e3 Rd7
22. Rg1 Bd8 23. Bf4 a5 24. Ne2 Ne4 25. Bxe4 dxe4 26. g5 Bc8 27. h4 Rd5 28. f6
b4 29. axb4 axb4 30. Qxb4 Ba5 31. Qa3 Qd7 32. Rh2 Bb7 33. fxg7 Ra8 34. b4 Bc7
35. Qc3 Bxf4 36. Nxf4 Rf5 37. Nh5 Qe6 38. d5 Qe5 39. Qxe5 Rxe5 40. Rd1 Rd8 41.
Rf2 Rd6 42. Rxf7 Kxf7  1-0

[Event "28. Erfurter Schachfestival 2018 - Meisterturnier"]
[Site "Erfurt"]
[Date "2018.12.26"]
[Round "1"]
[Board "17"]
[White "Skibbe, Diana"]
[Black "Mooser, Stefan"]
[Result "0-1"]
[WhiteElo "2035"]
[BlackElo "2255"]
[PlyCount "91"]
[EventDate "2018.12.26"]
[EventRounds "8"]
[EventCountry "GER"]

1. e4 c5 2. Nf3 e6 3. d4 cxd4 4. Nxd4 Nc6 5. c4 Nf6 6. Nc3 Bb4 7. Nxc6 bxc6 8.
Bd3 e5 9. O-O Bc5 10. a3 a5 11. Na4 Bd4 12. Rb1 O-O 13. Bd2 d5 14. c5 dxe4 15.
Bc4 Bg4 16. Qc2 Bf5 17. Be3 Ng4 18. Rbe1 Qe7 19. h3 Nf6 20. f4 Bxe3+ 21. Rxe3
exf4 22. Rxf4 Qe5 23. Rf2 Bg6 24. Nb6 Rad8 25. b4 axb4 26. axb4 Nd5 27. Bxd5
cxd5 28. Qa4 d4 29. Re1 e3 30. Rfe2 d3 31. Rxe3 Qd4 32. b5 d2 33. Qxd4 dxe1=Q+
34. Rxe1 Rxd4 35. c6 Bf5 36. Ra1 Rb4 37. Ra5 Be6 38. Na4 Rc8 39. Nb6 Re8 40.
Na4 Rc4 41. Nb6 Rc2 42. Na8 Bd5 43. Ra1 Bxc6 44. Nc7 Rc8 45. bxc6 Rxc6 46. Nd5
 0-1

[Event "28. Erfurter Schachfestival 2018 - Meisterturnier"]
[Site "Erfurt"]
[Date "2018.12.26"]
[Round "1"]
[Board "18"]
[White "Zeier, Klaus"]
[Black "Mooser, Nicolas"]
[Result "1-0"]
[WhiteElo "2247"]
[BlackElo "2032"]
[PlyCount "57"]
[EventDate "2018.12.26"]
[EventRounds "8"]
[EventCountry "GER"]

1. e4 c5 2. Nf3 e6 3. g3 Nc6 4. Bg2 Nf6 5. d3 Be7 6. O-O O-O 7. Re1 d5 8. e5
Nd7 9. h4 Qc7 10. Bf4 Qb6 11. Qc1 f6 12. exf6 Nxf6 13. Nc3 Bd7 14. Bh3 Nd4 15.
Ne5 Be8 16. Ne2 Nh5 17. Bg5 Nxe2+ 18. Rxe2 Bxg5 19. hxg5 c4 20. Qe3 Qxe3 21.
Rxe3 cxd3 22. cxd3 Bf7 23. Nxf7 Kxf7 24. Bxe6+ Kg6 25. Re5 d4 26. Kg2 h6 27.
gxh6 Kxh6 28. Rh1 g6 29. g4  1-0

[Event "28. Erfurter Schachfestival 2018 - Meisterturnier"]
[Site "Erfurt"]
[Date "2018.12.26"]
[Round "1"]
[Board "19"]
[White "Kurze, Christoph"]
[Black "Weishaeutel, Moritz"]
[Result "1-0"]
[WhiteElo "2028"]
[BlackElo "2243"]
[PlyCount "147"]
[EventDate "2018.12.26"]
[EventRounds "8"]
[EventCountry "GER"]

1. c4 e6 2. g3 Nf6 3. Bg2 d5 4. b3 Be7 5. Nf3 O-O 6. Bb2 b6 7. O-O c5 8. Nc3
Bb7 9. Ne5 Qc7 10. Nb5 Qc8 11. e3 Rd8 12. Qe2 a6 13. Na3 d4 14. exd4 cxd4 15.
d3 Bxg2 16. Kxg2 Nc6 17. f4 Bxa3 18. Bxa3 Nd7 19. Rae1 Re8 20. Qf3 Ncxe5 21.
fxe5 f6 22. Bd6 Ra7 23. Re4 Nxe5 24. Bxe5 fxe5 25. Qh5 Rd7 26. Qxe5 Qc6 27. Kh3
Qd6 28. Rff4 Qxe5 29. Rxe5 Rd6 30. Kg4 Rf8 31. c5 bxc5 32. Rxc5 Re8 33. Kf3 e5
34. Rf5 Rf6 35. Ke4 Rxf5 36. Kxf5 Rf8+ 37. Kxe5 Rf2 38. Ra5 Rxh2 39. Rxa6 Rg2
40. Ra4 h5 41. Kf4 Kh7 42. Rxd4 Rxa2 43. Rd5 Kh6 44. d4 Rf2+ 45. Ke3 Rg2 46.
Kf3 Rb2 47. Rb5 Rd2 48. d5 Kg5 49. d6+ Kg6 50. Rb6 Kf6 51. Ke3 Rd1 52. b4 Ke6
53. d7+ Ke7 54. Rg6 Kf7 55. Rg5 g6 56. b5 Rxd7 57. b6 Rb7 58. Rb5 Kf6 59. Ke4
Rb8 60. b7 Re8+ 61. Kf4 Rb8 62. Rb6+ Ke7 63. Kg5 Kd7 64. Kxg6 Kc7 65. Rb3 Rg8+
66. Kxh5 Kb8 67. g4 Rh8+ 68. Kg5 Rg8+ 69. Kf4 Rf8+ 70. Kg3 Rg8 71. Rb5 Rd8 72.
Kf4 Rd1 73. Kf5 Rf1+ 74. Kg6  1-0

[Event "28. Erfurter Schachfestival 2018 - Meisterturnier"]
[Site "Erfurt"]
[Date "2018.12.26"]
[Round "1"]
[Board "20"]
[White "Rewitz, Poul"]
[Black "Pedersen, Lars Wilton"]
[Result "1/2-1/2"]
[WhiteElo "2240"]
[BlackElo "2024"]
[PlyCount "128"]
[EventDate "2018.12.26"]
[EventRounds "8"]
[EventCountry "GER"]

1. Nf3 Nf6 2. e3 b6 3. b3 Bb7 4. Bb2 e6 5. d4 c5 6. Be2 Nc6 7. O-O Be7 8. dxc5
bxc5 9. c4 d6 10. Nc3 O-O 11. Rc1 Qb6 12. Qc2 Rad8 13. Rfd1 Rd7 14. Qb1 Rfd8
15. Qa1 a6 16. Nd2 Ne5 17. e4 Ng6 18. g3 Bc6 19. f4 Qb7 20. Bf3 e5 21. f5 Nf8
22. Nd5 Bxd5 23. exd5 h6 24. Rf1 N8h7 25. Rce1 a5 26. Bc3 Ra8 27. Qb2 Rdd8 28.
Bxe5 Rdb8 29. Bc3 a4 30. h4 Bf8 31. Qc2 axb3 32. axb3 Re8 33. Kf2 Qd7 34. Rxe8
Rxe8 35. Re1 Rxe1 36. Kxe1 Qe8+ 37. Kf2 Nd7 38. Qe4 Qd8 39. Qe2 Be7 40. Ne4
Nhf6 41. Nxf6+ Bxf6 42. Bxf6 Qxf6 43. Kg2 Qxf5 44. Qe8+ Nf8 45. Qe4 Qxe4 46.
Bxe4 g6 47. g4 Kg7 48. Kf3 Kf6 49. Ke3 Ke5 50. Bc2 Nd7 51. Bd1 f5 52. gxf5 gxf5
53. Kf3 Nf6 54. Bc2 Nd7 55. Bd1 Nf8 56. Kg3 Ng6 57. Bc2 Nf4 58. Kf3 Nh5 59. Bb1
Nf6 60. Bc2 Ne4 61. Ke3 Ng3 62. Kf3 Ne4 63. Ke3 Nf6 64. Kf3 Ne4  1/2-1/2

[Event "28. Erfurter Schachfestival 2018 - Meisterturnier"]
[Site "Erfurt"]
[Date "2018.12.27"]
[Round "2"]
[Board "1"]
[White "Nagy, Gabor"]
[Black "Schroeder, Christoph"]
[Result "1-0"]
[WhiteElo "2472"]
[BlackElo "2169"]
[PlyCount "43"]
[EventDate "2018.12.26"]
[EventRounds "8"]
[EventCountry "GER"]

1. Nf3 d5 2. c4 d4 3. b4 f6 4. e3 e5 5. c5 a5 6. Bb5+ Nc6 7. O-O Bg4 8. exd4
exd4 9. Re1+ Nge7 10. Qb3 Qd7 11. bxa5 Bxf3 12. Qxf3 Rxa5 13. a4 Kd8 14. d3 Ng6
15. Nd2 Be7 16. Qd1 Qd5 17. Nb3 Ra8 18. Bc4 Qd7 19. Be6 Qe8 20. Qf3 Nge5 21.
Qd5+ Nd7 22. Bd2  1-0

[Event "28. Erfurter Schachfestival 2018 - Meisterturnier"]
[Site "Erfurt"]
[Date "2018.12.27"]
[Round "2"]
[Board "2"]
[White "Henrich, David"]
[Black "Abel, Dennes"]
[Result "0-1"]
[WhiteElo "2155"]
[BlackElo "2465"]
[PlyCount "87"]
[EventDate "2018.12.26"]
[EventRounds "8"]
[EventCountry "GER"]

1. Nf3 d5 2. e3 Bg4 3. c4 c6 4. Qb3 Qc7 5. Be2 e6 6. Nc3 Nf6 7. d4 Nbd7 8. h3
Bh5 9. cxd5 exd5 10. Bd2 Bd6 11. Rc1 Qb6 12. Qc2 Bg6 13. Bd3 Bxd3 14. Qxd3 O-O
15. Na4 Qc7 16. a3 Ne4 17. Bb4 Rfe8 18. O-O Re6 19. Bxd6 Nxd6 20. Nd2 Rae8 21.
b4 Qd8 22. Nc5 Rg6 23. Nxd7 Qxd7 24. Kh2 h6 25. Rce1 Ne4 26. Nxe4 dxe4 27. Qe2
Rg5 28. f4 exf3 29. Rxf3 Rg6 30. Qf2 Rge6 31. Rf4 Re4 32. Qf3 Qc7 33. g3 R4e6
34. e4 f6 35. Qc3 Kh8 36. Qd3 Qd7 37. Rf2 a6 38. Rfe2 Rd6 39. Rd1 Qf7 40. Qf3
Qc4 41. Qd3 Rxd4 42. Qxc4 Rxc4 43. Rd7 b5 44. Ra7  0-1

[Event "28. Erfurter Schachfestival 2018 - Meisterturnier"]
[Site "Erfurt"]
[Date "2018.12.27"]
[Round "2"]
[Board "3"]
[White "Kirschbaum, Gunnar"]
[Black "Carlstedt, Jonathan"]
[Result "0-1"]
[WhiteElo "2133"]
[BlackElo "2412"]
[PlyCount "62"]
[EventDate "2018.12.26"]
[EventRounds "8"]
[EventCountry "GER"]

1. d4 g6 2. c4 Bg7 3. e4 e6 4. Nc3 Ne7 5. d5 d6 6. Bg5 h6 7. Be3 Nd7 8. Qd2 Ne5
9. h3 g5 10. f3 N7g6 11. g3 f5 12. O-O-O f4 13. gxf4 gxf4 14. Bxf4 Nxf4 15.
Qxf4 Rf8 16. Qg3 Qg5+ 17. Qxg5 hxg5 18. Nb5 Kd8 19. Nd4 exd5 20. cxd5 c5 21.
dxc6 bxc6 22. h4 g4 23. fxg4 Nxg4 24. Nh3 Ne3 25. Nxc6+ Kc7 26. Ne7 Nxd1 27.
Nd5+ Kd8 28. Kxd1 Bxb2 29. Ng5 Rb8 30. Bh3 Be5 31. Bxc8 Rf2  0-1

[Event "28. Erfurter Schachfestival 2018 - Meisterturnier"]
[Site "Erfurt"]
[Date "2018.12.27"]
[Round "2"]
[Board "4"]
[White "Lagunow, Alexander"]
[Black "Scheckenbach, Franz"]
[Result "0-1"]
[WhiteElo "2392"]
[BlackElo "2132"]
[PlyCount "86"]
[EventDate "2018.12.26"]
[EventRounds "8"]
[EventCountry "GER"]

1. Nf3 Nf6 2. c4 g6 3. g3 Bg7 4. Bg2 O-O 5. d4 d6 6. O-O Nc6 7. Nc3 a6 8. h3
Rb8 9. Be3 Nd7 10. Rc1 h6 11. b3 e5 12. dxe5 Ndxe5 13. Nd2 Ne7 14. f4 N5c6 15.
Bf2 Be6 16. Ndb1 Qc8 17. Kh2 Kh7 18. Nd5 Qd7 19. Nbc3 b5 20. Qd2 b4 21. Na4 a5
22. Rfd1 Rbd8 23. Nxe7 Nxe7 24. a3 Nc6 25. axb4 axb4 26. Qe1 Qe8 27. e4 Rb8 28.
Qe3 Na5 29. Bf1 Bd7 30. Ra1 Bxa1 31. Rxa1 Nxb3 32. Qxb3 Ra8 33. Qxb4 Rxa4 34.
Rxa4 Bxa4 35. c5 Bc6 36. cxd6 cxd6 37. Bd3 Qb8 38. Qc3 Ba8 39. Qf6 Qd8 40. Qd4
Qc7 41. Be1 Rc8 42. Bb4 Qc1 43. g4 Qxf4+  0-1